| 000 | 01267nam a22003017a 4500 | ||
|---|---|---|---|
| 999 |
_c21525 _d21525 |
||
| 003 | AR-CdUCM | ||
| 008 | 190220b ||||| |||| 00| 0 spa d | ||
| 020 | _a9786123172480 | ||
| 040 |
_aMUNICIPALIDAD PROVINCIAL DEL CUSCO _cBIBLIOTECA MUNICIPAL DEL CUSCO |
||
| 082 |
_a211.6/P21 _bP21 |
||
| 245 |
_aPostsecularización : _bnuevos escenarios del encuentro entre culturas / _cSalomón Lerner Febres, Miguel Giusti, editores. |
||
| 260 |
_aLima. _bPontificia Universidad Católica del Perú, _c2017. |
||
| 300 |
_a402 páginas. : _c24 cm. |
||
| 500 |
_a"Actas del Tercer Congreso Regional Latinoamericano de COMIUCAP"
Ponencias presentadas en el Congreso, realizado en Cusco, del 19 al 20 de noviembre de 2015. _zIncluye bibliografías. |
||
| 650 |
_aSecularización (Teología) _945236 |
||
| 650 |
_aLaicismo _945237 |
||
| 650 |
_aFilosofía _9395 |
||
| 650 |
_aIdentidad cultural _92943 |
||
| 650 |
_aIglesia y Estado _93500 |
||
| 650 |
_aIglesia y educación _945238 |
||
| 650 |
_aReligión y política _96541 |
||
| 650 |
_aAspectos religiosos _916844 |
||
| 700 |
_aGiusti, Miguel (editor) _945239 |
||
| 700 |
_aLerner Febres, Salomón (editor) _945240 |
||
| 710 |
_aPontificia Universidad Católica del Perú _9400 |
||
| 942 |
_2ddc _cLIBROS |
||
| 945 | _aRoel | ||